|
|
|
|
| LEADER |
01886nam a22003497a 4500 |
| 001 |
35483 |
| 003 |
BD-DhAAL |
| 005 |
20211129111957.0 |
| 008 |
190911t2019 bg ar r f0 0eng d |
| 999 |
|
|
|c 41196
|d 41196
|
| 040 |
|
|
|a BD-DhAAL
|
| 082 |
0 |
0 |
|a 910.25095492
|2 22
|
| 130 |
0 |
|
|a Bangladesh trade catalogue (2010-11)
|9 34379
|
| 245 |
1 |
0 |
|a Bangladesh trade catalogue :
|n 2019-20
|
| 260 |
|
|
|a Dhaka :
|b Published for Ministry of Commerce, Govt. of the People's Republic of Bangladesh, Export Promotion Bureau by Bangladesh TRADE Catalogue Project [&] Dedar Trade International Limited.
|c 2019
|
| 300 |
|
|
|a 1071 pages :
|b color illustrations ;
|c 28 cm.
|
| 310 |
|
|
|a Annual
|
| 362 |
0 |
|
|a 2019-20
|
| 500 |
|
|
|a BBS Group
|
| 526 |
|
|
|a BBS
|
| 541 |
|
|
|a Dedar Trade International Limited
|e 35483, 35484, 35485
|
| 650 |
|
0 |
|a Commercial catalogs
|z Bangladesh
|v Periodicals.
|9 34380
|
| 650 |
|
0 |
|a Business enterprises
|z Bangladesh
|v Directories.
|9 34381
|
| 650 |
|
0 |
|a Business & finance.
|9 43351
|
| 651 |
|
0 |
|a Bangladesh
|x Commerce
|v Directories.
|9 34382
|
| 710 |
2 |
|
|a Bangladesh TRADE Catalogue Project.
|9 34383
|
| 710 |
1 |
|
|a Bangladesh.
|b Export Promotion Bureau.
|b Ministry of Commerce
|9 34384
|
| 852 |
4 |
|
|a Ayesha Abed Library
|c General Stacks
|
| 942 |
|
|
|2 ddc
|c BK
|
| 952 |
|
|
|0 0
|1 0
|2 ddc
|4 0
|6 910_250954920000000_BAN
|7 0
|9 66225
|a BRACUL
|b BRACUL
|c GEN
|d 2019-09-11
|e Dedar Trade International Limited
|g 2350.00
|l 0
|o 910.25095492 BAN
|p 3010035484
|r 2019-09-11
|t 2
|v 2350.00
|w 2019-09-11
|y BK
|
| 952 |
|
|
|0 0
|1 0
|2 ddc
|4 0
|6 910_250954920000000_BAN
|7 0
|9 66226
|a BRACUL
|b BRACUL
|c GEN
|d 2019-09-11
|e Dedar Trade International Limited
|g 2350.00
|l 0
|o 910.25095492 BAN
|p 3010035483
|r 2019-09-11
|t 1
|v 2350.00
|w 2019-09-11
|y BK
|
| 952 |
|
|
|0 0
|1 0
|2 ddc
|4 0
|6 910_250954920000000_BAN
|7 0
|9 66227
|a BRACUL
|b BRACUL
|c GEN
|d 2019-09-11
|e Dedar Trade International Limited
|g 2350.00
|l 0
|o 910.25095492 BAN
|p 3010035485
|r 2019-09-11
|t 3
|v 2350.00
|w 2019-09-11
|y BK
|